| 000 | 00844nam a22002297a 4500 | ||
|---|---|---|---|
| 005 | 20240530110610.0 | ||
| 008 | 160620s2014 ua o f b 000 0 ara d | ||
| 017 |
_a2013/15866 _bمصر . دار الكتب المصرية |
||
| 020 | _a9772329335 | ||
| 040 | _aEG-CaGPL | ||
| 082 | 0 | 4 |
_221 _a910.41\ _bع أ |
| 100 | 0 | _aعرفة عبده على | |
| 245 | 1 | 0 |
_aاوربيون فى الحرمين الشريفين / _cعرفة عبده على |
| 250 | _aط.1 | ||
| 260 |
_aالقاهرة : _bعالم الكتب ، _c2014 . |
||
| 300 |
_a248 ص. : _bصور ؛ _c24 سم + _eملاحق . |
||
| 504 | _aيشتمل على ارجاعات ببليوجرافية | ||
| 650 | 0 | 4 | _aالاستشراق و المستشرقين |
| 651 | 0 | 4 |
_aالسعودية _xوصف و رحلات |
| 942 |
_2ddc _cBK |
||
| 999 |
_c62833 _d62833 |
||